[Event "Provincial-ch Xeraco Preferente"]
[Site "Xeraco"]
[Date "2014.11.15"]
[Round "6.7"]
[White "Fenollar Baenas, Nahim"]
[Black "Company Sancho, Miguel"]
[Result "1-0"]
[WhiteElo "1756"]
[BlackElo "1894"]
[PlyCount "45"]
[EventDate "2014.09.27"]
[EventType "swiss"]
[EventRounds "7"]
[EventCountry "ESP"]
[SourceTitle "EXT 2024"]
[Source "ChessBase"]
[SourceDate "2023.10.10"]
[SourceVersion "1"]
[SourceVersionDate "2023.10.10"]
[SourceQuality "1"]

1. d4 Nf6 2. Nf3 g6 3. Bf4 Bg7 4. e3 c6 5. Be2 Qa5+ 6. c3 c5 7. Nbd2 cxd4 8. exd4 d6 9. 0-0 Bd7 10. Qb3 Nc6 11. Nc4 Qc7 12. Ne3 Nh5 13. Ng5 e6 14. Bxh5 gxh5 15. Nc4 Bf8 16. d5 Na5 17. Nxa5 Qxa5 18. dxe6 fxe6 19. Nxe6 Ba4 20. Qxb7 Rd8 21. Nxd8 Qxd8 22. Rfe1+ Be7 23. Bg5 1-0

[Event "Provincial-ch Xeraco Preferente"]
[Site "Xeraco"]
[Date "2014.10.18"]
[Round "3.5"]
[White "Fenollar Baenas, Nahim"]
[Black "Frances Saez, Juan Vicente"]
[Result "0-1"]
[WhiteElo "1756"]
[BlackElo "1985"]
[PlyCount "72"]
[EventDate "2014.09.27"]
[EventType "swiss"]
[EventRounds "7"]
[EventCountry "ESP"]
[SourceTitle "EXT 2024"]
[Source "ChessBase"]
[SourceDate "2023.10.10"]
[SourceVersion "1"]
[SourceVersionDate "2023.10.10"]
[SourceQuality "1"]

1. d4 Nf6 2. c4 e6 3. Nf3 c5 4. d5 exd5 5. cxd5 d6 6. Nc3 g6 7. e4 Bg7 8. Bd3 0-0 9. 0-0 Bg4 10. h3 Bxf3 11. Qxf3 Nbd7 12. Qe2 a6 13. a4 Re8 14. Bf4 Ne5 15. Bc2 Qc7 16. Bh2 c4 17. f4 Ned7 18. Kh1 Rab8 19. Qf3 b5 20. axb5 axb5 21. Ra6 Rb6 22. Rxb6 Qxb6 23. e5 dxe5 24. fxe5 Nxe5 25. Bxe5 Rxe5 26. Qf4 Qe3 27. Qxe3 Rxe3 28. Rd1 b4 29. Nb5 b3 30. Bb1 Nxd5 31. Rxd5 Re1+ 32. Kh2 Rxb1 33. Rd8+ Bf8 34. Nc7 Rxb2 35. Nd5 Kg7 36. Nc7 Re2 0-1

[Event "Provincial-ch Xeraco Preferente"]
[Site "Xeraco"]
[Date "2014.09.27"]
[Round "1.9"]
[White "Canamas Soler, Jose Vicente"]
[Black "Fenollar Baenas, Nahim"]
[Result "1/2-1/2"]
[WhiteElo "1955"]
[BlackElo "1756"]
[PlyCount "83"]
[EventDate "2014.09.27"]
[EventType "swiss"]
[EventRounds "7"]
[EventCountry "ESP"]
[SourceTitle "EXT 2024"]
[Source "ChessBase"]
[SourceDate "2023.10.10"]
[SourceVersion "1"]
[SourceVersionDate "2023.10.10"]
[SourceQuality "1"]

1. d4 Nf6 2. Nf3 e6 3. g3 d5 4. Bg2 Be7 5. 0-0 Nbd7 6. c4 0-0 7. Nc3 c6 8. b3 Ne4 9. Bb2 f5 10. Nd2 Bg5 11. Ndxe4 fxe4 12. Ba3 Be7 13. Bxe7 Qxe7 14. f4 Nf6 15. e3 Bd7 16. Rc1 Rad8 17. Na4 Be8 18. Bh3 Bh5 19. g4 Bg6 20. Qe1 Nd7 21. Qg3 Rf7 22. cxd5 cxd5 23. Rc7 b5 24. Nc3 Qd6 25. f5 Qxg3+ 26. hxg3 exf5 27. gxf5 Nf6 28. Nxb5 Rxc7 29. Nxc7 Bh5 30. Rc1 Bg4 31. Ne6 Re8 32. Kh2 g6 33. Nc7 Rc8 34. fxg6 Bxh3 35. Rc6 Bd7 36. Rxf6 Rxc7 37. gxh7+ Kxh7 38. Rd6 Rc2+ 39. Kg1 Bc6 40. g4 Ba8 41. Rd8 Bc6 42. Rd6 1/2-1/2

[Event "Provincial-ch Gandia Preferente"]
[Site "Gandia"]
[Date "2013.11.23"]
[Round "7"]
[White "Cubells Vazquez, Pablo"]
[Black "Fenollar Baenas, Nahim"]
[Result "1-0"]
[WhiteElo "1629"]
[BlackElo "1718"]
[PlyCount "79"]
[EventDate "2013.10.05"]
[EventType "swiss"]
[EventRounds "7"]
[EventCountry "ESP"]
[SourceTitle "EXT 2024"]
[Source "ChessBase"]
[SourceDate "2023.10.10"]
[SourceVersion "1"]
[SourceVersionDate "2023.10.10"]
[SourceQuality "1"]

1. e4 d5 2. exd5 Qxd5 3. Nc3 Qd8 4. Bc4 Nf6 5. d3 c6 6. Nf3 Bg4 7. Bxf7+ Kxf7 8. Ne5+ Kg8 9. Nxg4 Nbd7 10. Qe2 e5 11. Nxe5 Qc7 12. Nxd7 Qxd7 13. 0-0 Re8 14. Qf3 Re6 15. Ne4 h6 16. Re1 Bb4 17. Bd2 Rxe4 18. dxe4 Qxd2 19. Qb3+ Kh7 20. Rad1 Qxe1+ 21. Rxe1 Bxe1 22. Qd3 g6 23. Kf1 Ba5 24. Qb3 Rf8 25. Qxb7+ Kh8 26. Qxa7 Bd8 27. Qd4 Be7 28. Qd2 Kh7 29. f3 Rd8 30. Qf4 Kg7 31. Qc7 Rd7 32. Qxc6 Rd6 33. Qc4 Rd1+ 34. Ke2 Rd7 35. b4 Nh5 36. g3 Rb7 37. c3 Nf6 38. a4 Bd6 39. Qc6 Rd7 40. f4 1-0

[Event "Provincial-ch Gandia Preferente"]
[Site "Gandia"]
[Date "2013.11.09"]
[Round "5"]
[White "Garcia Martin, Marta"]
[Black "Fenollar Baenas, Nahim"]
[Result "1/2-1/2"]
[WhiteElo "1773"]
[BlackElo "1718"]
[PlyCount "40"]
[EventDate "2013.10.05"]
[EventType "swiss"]
[EventRounds "7"]
[EventCountry "ESP"]
[SourceTitle "EXT 2024"]
[Source "ChessBase"]
[SourceDate "2023.10.10"]
[SourceVersion "1"]
[SourceVersionDate "2023.10.10"]
[SourceQuality "1"]

1. e4 d5 2. exd5 Qxd5 3. Nc3 Qd8 4. d4 Bf5 5. Nf3 Nf6 6. Bd3 Bxd3 7. Qxd3 e6 8. Bg5 c6 9. 0-0 h6 10. Bf4 Bd6 11. Be5 Qe7 12. Rfe1 0-0 13. Rad1 Nbd7 14. Bxd6 Qxd6 15. a3 Qc7 16. Ne5 Rad8 17. Qe3 Nxe5 18. Qxe5 Qb6 19. Na4 Qa6 20. Nc5 Qb6 1/2-1/2

[Event "Provincial-ch Gandia Preferente"]
[Site "Gandia"]
[Date "2013.10.19"]
[Round "2"]
[White "Fenollar Baenas, Nahim"]
[Black "Santamaria Bo, Jose Maria"]
[Result "1-0"]
[WhiteElo "1718"]
[BlackElo "1786"]
[PlyCount "31"]
[EventDate "2013.10.05"]
[EventType "swiss"]
[EventRounds "7"]
[EventCountry "ESP"]
[SourceTitle "EXT 2024"]
[Source "ChessBase"]
[SourceDate "2023.10.10"]
[SourceVersion "1"]
[SourceVersionDate "2023.10.10"]
[SourceQuality "1"]

1. d4 Nf6 2. Bf4 e6 3. Nf3 c5 4. e3 Nc6 5. Nc3 a6 6. d5 Nxd5 7. Nxd5 exd5 8. Qxd5 h6 9. Bc4 Qf6 10. Ne5 Nxe5 11. Bxe5 Qg6 12. 0-0-0 Be7 13. h4 0-0 14. Rh3 Qc6 15. Rg3 g5 16. hxg5 1-0

[Event "Provincial-ch Gandia Preferente"]
[Site "Gandia"]
[Date "2013.10.05"]
[Round "1"]
[White "Albert Garrote, Amadeo"]
[Black "Fenollar Baenas, Nahim"]
[Result "1-0"]
[WhiteElo "1881"]
[BlackElo "1718"]
[PlyCount "51"]
[EventDate "2013.10.05"]
[EventType "swiss"]
[EventRounds "7"]
[EventCountry "ESP"]
[SourceTitle "EXT 2024"]
[Source "ChessBase"]
[SourceDate "2023.10.10"]
[SourceVersion "1"]
[SourceVersionDate "2023.10.10"]
[SourceQuality "1"]

1. d4 e6 2. Nf3 Nf6 3. Bg5 d5 4. Nbd2 h6 5. Bf4 Bd6 6. Bg3 c5 7. e3 Nc6 8. c3 Bxg3 9. hxg3 Qd6 10. Bd3 Nd7 11. Nh4 Rb8 12. f4 cxd4 13. exd4 g5 14. Nhf3 gxf4 15. g4 e5 16. dxe5 Ndxe5 17. Qe2 Bxg4 18. 0-0-0 Kd7 19. Bb5 Rhe8 20. Nxe5+ Qxe5 21. Qxg4+ f5 22. Qf3 d4 23. Bxc6+ bxc6 24. Rxh6 Qb5 25. Nb3 Re3 26. Qxf4 1-0

[Event "Cullera op-B 29th"]
[Site "Cullera"]
[Date "2012.08.29"]
[Round "6"]
[White "Pino Fernandez, David"]
[Black "Fenollar Baenas, Nahim"]
[Result "1-0"]
[WhiteElo "1786"]
[BlackElo "1632"]
[PlyCount "37"]
[EventDate "2012.08.25"]
[EventType "swiss"]
[EventRounds "9"]
[EventCountry "ESP"]
[SourceTitle "CBM 150 Extra"]
[Source "ChessBase"]
[SourceDate "2012.10.19"]
[SourceVersion "1"]
[SourceVersionDate "2012.10.19"]
[SourceQuality "1"]

1. d4 c5 2. dxc5 e5 3. Nc3 Bxc5 4. Nf3 Nf6 5. Nxe5 0-0 6. Nd3 Bb6 7. Bg5 h6 8. Bh4 Ba5 9. b4 Bb6 10. e3 g5 11. Bg3 d5 12. Na4 d4 13. Nxb6 Qxb6 14. exd4 Re8+ 15. Be2 Ne4 16. Ne5 Nc3 17. Qd3 Nxe2 18. Kxe2 f6 19. Qg6+ 1-0

[Event "Mislata op-C 20th"]
[Site "Mislata"]
[Date "2012.08.16"]
[Round "5"]
[White "Navarro Gomez, Gabriel"]
[Black "Fenollar Baenas, Nahim"]
[Result "1/2-1/2"]
[WhiteElo "1789"]
[BlackElo "1632"]
[PlyCount "46"]
[EventDate "2012.08.13"]
[EventType "swiss"]
[EventRounds "9"]
[EventCountry "ESP"]
[SourceTitle "EXT 2013"]
[Source "ChessBase"]
[SourceDate "2012.11.22"]
[SourceVersion "1"]
[SourceVersionDate "2012.11.22"]
[SourceQuality "1"]

1. d4 d6 2. Nf3 g6 3. Bf4 Nf6 4. Nc3 Bg7 5. Qd2 0-0 6. Bh6 Ne8 7. h4 Nd7 8. e4 Ndf6 9. 0-0-0 c6 10. Bd3 Bg4 11. Rde1 Qc7 12. Nh2 e5 13. d5 cxd5 14. Bxg7 Nxg7 15. Nxg4 Nxg4 16. Nxd5 Qc5 17. Rhf1 Nh5 18. Be2 Nhf6 19. Nxf6+ Nxf6 20. Bd3 Kg7 21. f4 h5 22. f5 b5 23. fxg6 fxg6 1/2-1/2

[Event "Provincial-ch Gandia Preferente"]
[Site "Valencia"]
[Date "2011.11.05"]
[Round "4"]
[White "Fenollar Baenas, Nahim"]
[Black "Alba Zaragoza, Vicente"]
[Result "1-0"]
[WhiteElo "1651"]
[BlackElo "1857"]
[PlyCount "71"]
[EventDate "2011.10.01"]
[EventType "swiss"]
[EventRounds "7"]
[EventCountry "ESP"]
[SourceTitle "EXT 2024"]
[Source "ChessBase"]
[SourceDate "2023.10.10"]
[SourceVersion "1"]
[SourceVersionDate "2023.10.10"]
[SourceQuality "1"]

1. d4 Nf6 2. Nf3 d5 3. c4 c6 4. Nc3 g6 5. Bf4 Bg7 6. e3 0-0 7. cxd5 cxd5 8. h3 a6 9. Be2 Nc6 10. 0-0 Re8 11. Ne5 Nxe5 12. Bxe5 b5 13. Rc1 Bb7 14. Qb3 Qd7 15. a4 bxa4 16. Nxa4 Bc6 17. Nc5 Qc8 18. Qb6 Bb5 19. Bxb5 axb5 20. Qxb5 Ra2 21. Ra1 Qa8 22. Rxa2 Qxa2 23. Bxf6 Qa8 24. Bxg7 Kxg7 25. b4 Rb8 26. Qa5 Qc6 27. Ra1 Rb6 28. Qa8 Qb5 29. Qxd5 Qxb4 30. Qe5+ Kh6 31. Qxe7 Kg7 32. Qe5+ Kh6 33. Ne4 Re6 34. Qc5 Qb2 35. Qf8+ Kh5 36. Ra5+ 1-0

[Event "Provincial-ch Gandia Preferente"]
[Site "Valencia"]
[Date "2011.10.15"]
[Round "2"]
[White "Maronda Escriva, Ivan"]
[Black "Fenollar Baenas, Nahim"]
[Result "1-0"]
[WhiteElo "1845"]
[BlackElo "1651"]
[PlyCount "67"]
[EventDate "2011.10.01"]
[EventType "swiss"]
[EventRounds "7"]
[EventCountry "ESP"]
[SourceTitle "EXT 2024"]
[Source "ChessBase"]
[SourceDate "2023.10.10"]
[SourceVersion "1"]
[SourceVersionDate "2023.10.10"]
[SourceQuality "1"]

1. d4 g6 2. Nf3 Bg7 3. c4 d6 4. g3 Nf6 5. Bg2 0-0 6. 0-0 Bf5 7. Nc3 c6 8. Re1 d5 9. cxd5 cxd5 10. Qb3 Bc8 11. Bf4 Nc6 12. Rad1 a6 13. Ne5 e6 14. Nxc6 bxc6 15. Qb4 a5 16. Qc5 Bb7 17. Na4 Re8 18. Qc2 Nh5 19. Be3 Qc7 20. Bf3 e5 21. Bxh5 gxh5 22. dxe5 Qxe5 23. Bf4 Qe4 24. Qxe4 Rxe4 25. Nc5 Rb4 26. b3 Rb5 27. Rc1 Bd4 28. Nxb7 Rxb7 29. Rxc6 Rb6 30. Rxb6 Bxb6 31. Rc1 Re8 32. Rc6 Ba7 33. Ra6 Ra8 34. Be3 1-0

[Event "Provincial-ch Gandia Preferente"]
[Site "Valencia"]
[Date "2011.10.01"]
[Round "1"]
[White "Fenollar Baenas, Nahim"]
[Black "Bas Mas, Miguel"]
[Result "0-1"]
[WhiteElo "1651"]
[BlackElo "1869"]
[PlyCount "50"]
[EventDate "2011.10.01"]
[EventType "swiss"]
[EventRounds "7"]
[EventCountry "ESP"]
[SourceTitle "EXT 2024"]
[Source "ChessBase"]
[SourceDate "2023.10.10"]
[SourceVersion "1"]
[SourceVersionDate "2023.10.10"]
[SourceQuality "1"]

1. d4 Nf6 2. Nf3 g6 3. Bf4 d5 4. h3 Bg7 5. e3 0-0 6. Be2 Nbd7 7. 0-0 Nb6 8. c3 Bf5 9. Nbd2 c6 10. Bh2 Re8 11. Ne5 Nfd7 12. Ndf3 Nxe5 13. Nxe5 f6 14. Nd3 Nc4 15. Nc5 Nd6 16. Bg4 Bxg4 17. Qxg4 f5 18. Qe2 e5 19. f3 exd4 20. cxd4 Bxd4 21. Bxd6 Qxd6 22. Nxb7 Qc7 23. Qa6 Rxe3 24. Kh1 Rb8 25. Na5 Rb6 0-1

[Event "Mislata op-C 45th"]
[Site "Mislata"]
[Date "2011.08.16"]
[Round "2"]
[White "Fuset Torralba, Jose Luis"]
[Black "Fenollar Baenas, Nahim"]
[Result "1-0"]
[WhiteElo "1823"]
[BlackElo "1643"]
[PlyCount "61"]
[EventDate "2011.08.15"]
[EventType "swiss"]
[EventRounds "9"]
[EventCountry "ESP"]
[SourceTitle "EXT 2014"]
[Source "ChessBase"]
[SourceDate "2013.11.20"]
[SourceVersion "1"]
[SourceVersionDate "2013.11.20"]
[SourceQuality "1"]

1. c4 d6 2. Nc3 g6 3. g3 Bg7 4. Bg2 c6 5. d4 Nf6 6. Nf3 0-0 7. 0-0 Nbd7 8. Bf4 Nh5 9. Be3 Qc7 10. Rc1 Nb6 11. b3 Bf5 12. h3 Nf6 13. Nh4 Bd7 14. Qd2 Rad8 15. Bh6 Qc8 16. Kh2 Na8 17. Bxg7 Kxg7 18. Qe3 Rde8 19. f4 Nc7 20. Qd2 h5 21. e4 e6 22. e5 dxe5 23. dxe5 Nh7 24. Ne4 Qb8 25. Rf2 Rd8 26. Rcf1 Ne8 27. Ng5 f5 28. exf6+ Nexf6 29. Qd3 Be8 30. Nxe6+ Kg8 31. Nxd8 1-0

[Event "Provincial-ch Gandia Primera"]
[Site "Valencia Gandia"]
[Date "2010.11.20"]
[Round "7"]
[White "Ribera Cebolla, Marc"]
[Black "Fenollar Baenas, Nahim"]
[Result "0-1"]
[WhiteElo "1588"]
[BlackElo "1617"]
[PlyCount "152"]
[EventDate "2010.10.02"]
[EventType "swiss"]
[EventRounds "7"]
[EventCountry "ESP"]
[SourceTitle "EXT 2024"]
[Source "ChessBase"]
[SourceDate "2023.10.10"]
[SourceVersion "1"]
[SourceVersionDate "2023.10.10"]
[SourceQuality "1"]

1. e4 e5 2. Nf3 d6 3. d4 Nd7 4. Nc3 g6 5. Bc4 Bg7 6. 0-0 Ne7 7. Bxf7+ Kxf7 8. Ng5+ Kg8 9. Ne6 Qe8 10. Nxc7 Qd8 11. Nxa8 b6 12. Nb5 a6 13. Nxd6 exd4 14. c3 Nf8 15. Nxc8 Qxc8 16. Qb3+ Ne6 17. Nxb6 Qc6 18. Nd5 Kf7 19. Bg5 Nxg5 20. Nxe7+ Kxe7 21. Qb4+ Qd6 22. Qxd6+ Kxd6 23. e5+ Kc5 24. f4 Nf7 25. cxd4+ Kxd4 26. Rad1+ Ke4 27. Rd7 Rf8 28. e6 Bd4+ 29. Rxd4+ Kxd4 30. exf7 Rxf7 31. g3 Ke3 32. Kg2 Kd2 33. Rf2+ Kd1 34. Kf3 Re7 35. h4 h5 36. f5 gxf5 37. Kf4 Rg7 38. Rg2 Ke1 39. Ke3 Kf1 40. Rf2+ Ke1 41. Rf3 Rg4 42. Kd3 a5 43. Kc2 Rc4+ 44. Kb3 Rc5 45. a3 Ke2 46. Rf4 Re5 47. Ka2 Kd3 48. b4 a4 49. Rf3+ Kd4 50. Kb2 Re2+ 51. Kb1 Re5 52. Kc2 Re2+ 53. Kd1 Re5 54. Kd2 Kc4 55. Rc3+ Kb5 56. Kd3 Rd5+ 57. Ke3 Rd1 58. Rc5+ Kb6 59. Rxf5 Ra1 60. Rxh5 Rxa3+ 61. Kf4 Rb3 62. Rh8 Rxb4+ 63. Kf5 Kb7 64. g4 a3 65. Re8 a2 66. Re7+ Kb6 67. Re1 Rb1 68. Re6+ Ka7 69. Re7+ Rb7 70. Re1 Rb1 71. Re7+ Ka6 72. Re8 Rb5+ 73. Kg6 Rb6+ 74. Kh7 Rb7+ 75. Kh6 a1Q 76. g5 Qg7+ 0-1